| 000 | 01100nam a2200229Ia 4500 | ||
|---|---|---|---|
| 001 | 953 | ||
| 005 | 20260410152727.0 | ||
| 008 | 260306t2016||||xx |||||||||||||| ||spa|| | ||
| 041 | _aESP | ||
| 082 |
_a174.4 _bM41E |
||
| 100 |
_aMelé, Doménec _eAUT |
||
| 245 | 0 |
_aÉtica en dirección de empresas: _bcalidad humana para una buena gestión |
|
| 260 | _c2016 | ||
| 300 |
_a211 páginas : _c24 cm. |
||
| 650 | _aGEN | ||
| 654 | _aCHU | ||
| 856 |
_uhttps://itmsp.museknowledge.com/UCSP?url=https://www.ebooks7-24.com:443/?il=10386&pg=1 _zVéase además: Soluciones empresariales usando la calidad total. Versión digital |
||
| 856 |
_uhttps://0u213vxr0-y-https-ebooks7--24-com.itmsp.museknowledge.com/biblioteca.aspx _zVéase además: Base de datos Ebook7-24 |
||
| 856 |
_uhttps://0u20fvxr3-y-https-research-ebsco-com.itmsp.museknowledge.com/c/qxo6us/search _zVéase además: Base de datos EBSCOhost |
||
| 856 |
_uhttps://0u20vvxdg-y-https-ebookcentral-proquest-com.itmsp.museknowledge.com/lib/catolicasp/home.action _zVéase además: Base de datos ProQuest Ebook Central |
||
| 942 |
_cLIB _dJUS _fJUS _2ddc |
||
| 999 |
_c953 _d953 |
||